000 00477nam a2200193Ia 4500
001 14981
003 GE_BSU
008 181216s||||||||xx |||||||||||||| ||und||
040 _cGE_BSU
080 _a514+512.7
100 _aБессе,А.
245 _aМногообразия Эйнштейна. т.2
260 _aМосква
260 _bМир
260 _c1990
300 _a703стр.22см.
653 _aМногообразия Эйнштейна
942 _cBK
999 _c48100
_d48100